Statistics for Football quiz #1 - Liverpool players season 2023/2024

Click here to take the quiz!

General Stats

  • This quiz has been taken 140 times
  • The average score is 18 of 33

Answer Stats

PositionNumberPlayer% Correct
Goalkeeper1Allison Becker
91%
Forward11Mohamed Salah
89%
Defender4Virgil van Dijk
88%
Defender66Trent Alexander-Arnold
82%
Forward9Darwin Nunez
81%
Defender26Andy Robertson
77%
Midfielder10Alexis Mac Allister
73%
Forward7Luis Diaz
72%
Forward18Cody Gakpo
67%
Defender2Joe Gomez
67%
Defender5Ibrahima Konate
66%
Midfielder8Dominik Szoboszlai
65%
Goalkeeper62Caoimhin Kelleher
64%
Midfielder6Thiago Alcantara
63%
Forward20Diogo Jota
61%
Defender32Joel Matip
61%
Midfielder3Wataru Endo
59%
Midfielder17Curtis Jones
57%
Defender21Kostas Tsimikas
54%
Goalkeeper13Adrian
53%
Midfielder19Harvey Elliott
53%
Defender84Conor Bradley
47%
Defender78Jarell Quansah
41%
Midfielder38Ryan Gravenberch
37%
Midfielder42Bobby Clark
29%
Forward50Ben Doak
28%
Midfielder43Stefan Bajcetic
27%
Forward76Jayden Danns
24%
Forward49Kaide Gordon
19%
Midfielder83Thomas Hill
18%
Goalkeeper93Fabian Mrozek
15%
Defender46Whys Williams
15%
Midfielder98Treymaurice Nyoni
10%

Score Distribution

Percentile by Number Answered

Percent of People with Each Score

Your Score History

You have not taken this quiz